| 000 | 006970000a22001210004500 | ||
|---|---|---|---|
| 100 | 1 | _aMora Rodríguez, Arnoldo | |
| 245 | 1 | 0 | _aAgua, capitalismo y el mercado neoliberal |
| 300 | _aVol.26, núm.1 (Primer semestre, 2006), Páginas 73-81 | ||
| 500 | _aCatedrático de filosofía de la Universidad de Costa Rica | ||
| 520 | _aLa crisis actual del agua en el mundo está intimamente ligada a la historia de los conflictos políticos y a los modelos económicos del siglo XX. Un repaso al rumbo de esta historia, nos ubica en que el agua, como los demás recursos de nuestro planeta, es víctima de la apropiación, privatización y comercilalización. | ||
| 773 | 0 | _tVida y Pensamiento | |
| 942 | _cANA | ||
| 999 |
_c61526 _d61526 |
||